• 首页
  • 本馆介绍
  • 公告通知
  • 最新文献
  • 馆藏检索
  • 电子资源
  • 读者导购
  • 参考咨询
  • 我的图书馆
  • 登录
  • 详细信息显示
  • 放入我的书架
  • 预约/预借图书
  • 作者相关作品
  • 分类相关作品
  • 丛书相关作品
  • 出版社相关作品

书目信息

  • 表格格式
  • 工作单格式
  • 卡片格式
题名:
燕都艺谭
    
 
作者: ;政协北京市委文史资料委 编
分册:  
出版信息: 北京   北京出版社  1985.6
页数: 411页
开本: 20cm
丛书名:
单 册:
中图分类: I207.309
科图分类:
主题词: 文学--中国
电子资源:
ISBN:
000 00593nam0 2200205 45
001 0312221749
005 20040414200624.9
010    @dCNY2.55
091    @a11071.223
100    @a20031222d1985 km y0chiy0120 ea
101    @achi
105    @a z 000yy
200 1  @a燕都艺谭@AYan Dou Yi Tan@f政协北京市委文史资料委编@FZheng Xie Bei Jing Shi Wei Wen Shi Zi Liao WeiBian
210    @a北京@c北京出版社@d1985.6
215    @a411页@d20cm
606 0  @a文学@x中国
690    @aI207.309@v3
711 02 @a政协北京市委文史资料委@4编
801    @aCN@bTSTCL@c20031222
905    @dI207.309@e35@f1@b142612
    
    燕都艺谭/政协北京市委文史资料委编.-北京:北京出版社,1985.6
    411页;20cm
    
    
    ISBN :CNY2.55
    
●
相关链接 在E读中查询图书 在五车中查询图书 在当当中查询图书 在豆瓣中查询图书


正题名:燕都艺谭     索取号:I207.309/35         预约/预借

序号 登录号 条形码 馆藏地/架位号 状态 备注
1 0142612   000540258   第二借阅区/ [索取号:I207.309/35] 在馆    
2 0142613   000540329   密集书库/ [索取号:I207.309/35] 在馆    
3 0142614   000540276   密集书库/ [索取号:I207.309/35] 在馆    
4 0142615   000540267   密集书库/ [索取号:I207.309/35] 在馆    
5 0142616   000540310   第一样本阅览室/ [索取号:I207.309/35] 在馆    
唐山师范学院图书馆 欢迎您!
大连网信软件有限公司© 版权所有